Polítiques locals de mediació : jornades 2007 i 2008 jornades 2007 i 2008
Publicado:
Barcelona :
Diputació de Barcelona. Àrea d'Igualtat i Ciutadania. Servei de Polítiques de Diversitat i Ciutadania, [2009]
Descripción Física:
308 p. ; 30 cm
MARC
| LEADER | 00000nam a2200000Ia 4500 | ||
|---|---|---|---|
| 001 | 22921 | ||
| 008 | 160829s9999 xx 000 0 cat d | ||
| 080 | |a M-6-371 | ||
| 245 | |a Polítiques locals de mediació : |b jornades 2007 i 2008 | ||
| 260 | |a Barcelona : |b Diputació de Barcelona. Àrea d'Igualtat i Ciutadania. Servei de Polítiques de Diversitat i Ciutadania, [2009] | ||
| 300 | |a 308 p. ; |c 30 cm | ||
| 650 | |a Mediació |x Barcelona (Província) |x Congressos |9 28602 | ||
| 650 | |a Municipis |x Govern i administració |x Barcelona (Província) |x Congressos |9 46927 | ||
| 710 | 1 | |a Barcelona (Catalunya : Província). |b Servei de Polítiques de Diversitat i Ciutadania |9 52870 | |
| 901 | |a Arxiu | ||
| 942 | |n 1 | ||
| 952 | |0 0 |1 0 |4 0 |6 M6371 |7 1 |9 44885 |a Arxiu |b Arxiu |d 2016-12-01 |l 0 |o M-6-371 |p 22921 |r 2016-12-01 00:00:00 |w 2016-12-01 |y ARXIU | ||
| 999 | |c 47483 |d 47483 | ||